000
00276nam a22001337a 4500
020
_a
0-02-934130-2
082
_a
296 WEB
100
_a
Weber Max
245
_a
Ancient Judaism
260
_a
London
_b
The Free Press
_c
1967
300
_a
484
650
_a
Judaism
942
_c
BK
999
_c
20500
_d
20500